Materiales

Na minha lista:
Detalhes bibliográficos
Autor principal: Basso S., Eduardo (Author)
Formato: Livro
Idioma:espanhol
Publicado em: Santiago Universitaria 1964
Assuntos:
Tags: Adicionar Tag
Sem tags, seja o primeiro a adicionar uma tag!

MARC

LEADER 00000nam a2200000 a 4500
001 UCV8781
003 CL-VaPUC
008 911205e19640000CL |||||||||||||||||spa|d
082 0 4 |a 691  |b BAS  |2 21 
100 0 |a Basso S., Eduardo  |e author  |9 302796 
245 1 0 |a Materiales 
300 |a v 
942 |c BK 
945 |d 19911205 00:00:00 
260 |a Santiago  |b Universitaria  |c 1964 
650 0 |a Materiales de construcción  |9 260197 
583 |a last modification  |c 19911205 00:00:00  |k Rodrigo Vera 
999 |c 214238  |d 214236 
952 |0 0  |1 0  |4 0  |6 691_000000000000000_BAS_1964  |7 0  |8 P  |9 197419  |a BIBARQ  |b BIBARQ  |d 2019-11-14  |h v.1  |i 2650819  |o 691 BAS 1964  |p 2650819  |r 2025-01-20  |w 2019-11-14  |y BK  |k ARQ 
952 |0 0  |1 0  |4 0  |6 691_000000000000000_BAS_1964  |7 0  |8 A  |9 197420  |a BIBING  |b BIBING  |d 2019-11-14  |h v.2  |i 1703013  |o 691 BAS 1964  |p 1703013  |r 2025-01-20  |w 2019-11-14  |y BK  |k CCL